Lengua castellana y literatura : 1º Secundaria : pruebas de control y evaluación

Gespeichert in:
Bibliographische Detailangaben
Weitere Verfasser: Bouza Álvarez, María Teresa
Format: Buch
Sprache:Spanisch
Erschienen: San Fernando de Henares, Madrid : Oxford University Press España, 2002
Katalog:MANES:  Suchergebnis im Bibliothekskatalog
Schulbuchspezifische Eigenschaften:
Schriftenreihe:Recursos Oxford Educación
Schlagworte:
Tags: Tag hinzufügen
Keine Tags, Fügen Sie den ersten Tag hinzu!
Hinzugefügt zu:17.06.2002
Geändert in:07.05.2025

MARC

LEADER 00000cam a2200000 i 4500
005 20250507134505.0
008 020618s2002 espa fp 000 0 spa d
020 |a 8481049123 
040 |a uned  |b spa  |c entro-manes 
245 0 0 |a Lengua castellana y literatura :   |b 1º Secundaria : pruebas de control y evaluación /   |c autores, Mª Teresa Bouza Álvarez ... [et al.] 
260 |a San Fernando de Henares, Madrid :   |b Oxford University Press España,   |c 2002 
300 |a 64 p. :   |b il. 
490 0 |a Recursos Oxford Educación 
546 |a España 
561 |5 es-BUNED  |3 L.T.M. 1885  |a España. Fondo Manes UNED  |k MANES 
690 0 |a LEN 
650 7 |a Exámenes 
700 1 |a Bouza Álvarez, María Teresa  |9 39348 
942 |2 ddc  |c BK 
999 |c 95641  |d 95641 
999 |c manes:95641  |d 95641